000 00625nam a22001937a 4500
005 20251108164918.0
008 250721s1972 xx 000 0 ara d
082 1 4 _a212/حسن
100 1 _aالبنا، حسن
245 1 0 _aمقدامات تفسير القرآن :
_bتفسير فاتحة الكتاب و الآيات الأولى من سورة البقره /
250 _aط3.
264 1 _aبيروت :
_bمكتبة حطين،
_c1972.
300 _a128ص
490 0 _aنور الإسلام ؛1
650 1 7 _aالقرآن الكريم
650 1 7 _aتفسير القرآن
942 _2ddc
_cBK
999 _c17281
_d17281